|
|
|
|
| LEADER |
00000nab a2200000ua 4500 |
| 001 |
vtls010800361 |
| 003 |
SK-MaSNL |
| 005 |
20260303120334.0 |
| 008 |
230131s1973 xo |||||||||||||||||slo| |
| 035 |
|
|
|a (urnnbn)urn:nbn:sk:snk:ar-a002xm
|
| 035 |
|
|
|a (uuid)c11cda96-3895-4bf9-b4da-9bc75115bcc5
|
| 035 |
|
|
|a urn:nbn:sk:snk-ab4zsm
|
| 040 |
|
|
|a SNKBUCL
|b slo
|c SNKBUCL
|e AACR2
|
| 041 |
0 |
|
|a slo
|
| 044 |
|
|
|a xo
|c SK
|
| 100 |
1 |
|
|a Princík, Andrej
|4 aut
|9 1132844
|
| 245 |
1 |
0 |
|a Vplyv stanovišťa na správne zazimovanie včelstiev
|c Andrej Princík
|
| 773 |
0 |
|
|t Včelár : odborný časopis Povereníctva poľnohospodárstva a lesného hospodárstva a Ústredia včelárskych združení na Slovensku
|g Roč. 47, č. 8 (1973), s. 178
|
| 954 |
|
|
|a odborná, vedecká literatúra pôvodná (slovenská)
|2 lita
|
| 958 |
|
|
|a OND
|
| 958 |
|
|
|a EUIPO
|
| 958 |
|
|
|a article3
|
| 999 |
|
|
|c 1908999
|d 1910929
|